LEADER 00899nam a2200229 i 4500 001 000000159659 003 CaOOAMICUS 005 20110408000000.0 008 110408s1900 it u000 u ita u 013 $a137022 040 $aSeMil$bita 100 1 $aBrandi, Salvatore Maria,$c.$0(OLS)http://semarc/name/41530 245 10$aDi chi sono le chiese? /$cstudio giuridico di Salvatore M. Brandi. 250 $a4. ed. 260 $aRoma :$bCiviltà Cattolica,$c1900. 300 $a40 p. ;$c24 cm. 650 4$aChiesa - Italia - Problemi giuridici.$0(OLS)http://semarc/subject/17232 773 0 $t[Miscellanea.$w()24700 850 $aSeMil 852 $aSeMil$W1$xVenegono$y1$m5A II 14/13 FA$j111216$B111216$CSeMilBibl$Z2$F120865 $8I 996 $6245$aDi chi sono le chiese?$9(OLS)http://semarc/title/141845 996 $6260$aRoma :$bCiviltà Cattolica$9(OLS)http://semarc/publisher/31487 LEADER 01074nam a2200217 i 4500 001 000000079020 003 CaOOAMICUS 005 20170322000000.0 008 170322s1890 it u000 u ita u 013 $a51257 040 $aSeMil$bita 100 1 $aDel Cerro, Emilio.$0(OLS)http://semarc/name/91129 245 10$aMisteri di polizia :$bstoria italiana degli ultimi tempi ricavata dalle carte d'un archivio segreto di Stato /$cper cura di Emilio Del Cerro. 260 $aFirenze :$bAdriano Salani,$c1890. 300 $aVI, 360 p. :$bill. ;$c19 cm. 650 4$aPatriottismo - Italia - Sec. 19.$0(OLS)http://semarc/subject/31496 650 4$aToscana - Vita artistica e culturale.$0(OLS)http://semarc/subject/44605 850 $aSeMil 852 $aSeMil$W1$xVenegono$y1$m3S II 73 FA$j44796$B44796$CSeMilBibl$Z2$F46616 $8I 996 $6245$aMisteri di polizia :$bstoria italiana degli ultimi tempi ricavata dalle carte d'un archivio segreto di Stato$9(OLS)http://semarc/title/403091 996 $6260$aFirenze :$bAdriano Salani$9(OLS)http://semarc/publisher/52090